000 00744nam0a22002531 4500
001 rc\2930915
005 20250806211437.0
035 _a(NLR Aleph) 007080416
090 _a41864
_c41864
100 _a20110819d1943 u y0rusy50 ca
101 0 _arus
102 _aRU
105 _ay z |||||
200 1 _aЮгославия в огне партизанской войны
210 _a[Фрунзе]
_cКиргизгосиздат
_d1943
215 _a56 с. Без обл.
_d16 см
700 1 _aВлахович
_bИ.
801 0 _aRU
_bNLR
_gpsbo
801 1 _aRU
_bELAR
_2rusmarc
852 _aNLR
_jИ40 Г-2/5
942 _cBOOK
945 _aРоссийская национальная библиотека
980 _aNB
980 _aBV